| 000 | 00405nam a2200181Ia 4500 | ||
|---|---|---|---|
| 001 | 23802 | ||
| 005 | 20260414151001.0 | ||
| 008 | 260414t2002||||xx |||||||||||||| ||spa|| | ||
| 041 | _aESP | ||
| 082 |
_a709.80985 _bB22 T. 1 |
||
| 110 | _aBanco de Crédito | ||
| 245 | 0 |
_aEl barroco peruano _b |
|
| 260 | _c2002 | ||
| 300 |
_a _c31 cm. |
||
| 650 | _aABD | ||
| 654 | _aCAU | ||
| 942 |
_cLIB _dJUS _fJUS _2ddc _n |
||
| 999 |
_c23802 _d23802 |
||